Landkreise mit Kreissitz und Kfz-Kennzeichen des Saarlandes - Statistiken

Allgemein
  • Dieses Quiz wurde 16 mal gespielt
  • Das Durchschnittsergebnis liegt bei 11 aus 22
Antwortstatistiken
Antworten % Korrekt
Saarbrücken
93%
Saarlouis
93%
Merzig
79%
SB
79%
SLS
71%
St. Wendel
71%
HOM
64%
Homburg
64%
MZG
57%
Landkreis Saarlouis
50%
NK, OTW
50%
Ottweiler
50%
WND
50%
Landkreis St. Wendel
43%
VK
43%
Landkreis Merzig-Wadern
36%
Landkreis Neunkirchen
36%
Saarpfalz-Kreis
36%
IGB
29%
Regionalverband Saarbrücken
21%
Sonderstatusstadt St. Ingbert
0%
Sonderstatusstadt Völklingen
0%
Keine übereinstimmenden Quizze gefunden
Verteilung der Resultate
Anzahl Personen mit jedem Resultat
Perzentil nach korrekt beantworteten Fragen
Ihre Resultats-Entwicklung
Sie haben dieses Quiz noch nicht gespielt